<?xml version="1.0" encoding="UTF-8"?>
<collection xmlns="http://www.loc.gov/MARC21/slim">
 <record>
  <leader>01922nam a2200205Ia 4500</leader>
  <controlfield tag="001">CTU_149939</controlfield>
  <controlfield tag="008">210402s9999    xx            000 0 und d</controlfield>
  <datafield tag="020" ind1=" " ind2=" ">
   <subfield code="c">26.79</subfield>
  </datafield>
  <datafield tag="082" ind1=" " ind2=" ">
   <subfield code="a">621.385</subfield>
  </datafield>
  <datafield tag="082" ind1=" " ind2=" ">
   <subfield code="b">B592</subfield>
  </datafield>
  <datafield tag="100" ind1=" " ind2=" ">
   <subfield code="a">Bigelow, Stephen J.</subfield>
  </datafield>
  <datafield tag="245" ind1=" " ind2="0">
   <subfield code="a">Understanding telephone electronics</subfield>
  </datafield>
  <datafield tag="245" ind1=" " ind2="0">
   <subfield code="c">Stephen J. Bigelow, Joseph J. Carr, Steve Winder</subfield>
  </datafield>
  <datafield tag="260" ind1=" " ind2=" ">
   <subfield code="a">Boston</subfield>
  </datafield>
  <datafield tag="260" ind1=" " ind2=" ">
   <subfield code="b">Newnes</subfield>
  </datafield>
  <datafield tag="260" ind1=" " ind2=" ">
   <subfield code="c">2001</subfield>
  </datafield>
  <datafield tag="520" ind1=" " ind2=" ">
   <subfield code="a">Throughout its history, Understanding Telephone Electronics has been, by far, one of the most popular books on telecommunication electronics in the trade, electronic distribution, and educational markets because of its very simple, direct approach to the technology. In keeping with the distinguished tradition of its predecessors, Understanding Telephone Electronics, Fourth Edition covers conventional telephone fundamentals, including both analog and modern digital communication techniques, and provides basic information on the functions of each telephone system component, how electronic circuits generate dial tones, and how the latest digital transmission techniques work.Throughout its history, Understanding Telephone Electronics has been, by far, one of the most popular books on telecommunication electronics in the trade, electronic distribution, and educational markets because of its very simple, direct approach to the technology. In keeping with the distinguished tradition of its predecessors, Understanding Telephone Electronics, Fourth Edition covers conventional telephone fundamentals, including both analog and modern digital communication techniques, and provides basic information on the functions of each telephone system component, how electronic circuits generate dial tones, and how the latest digital transmission techniques work.</subfield>
  </datafield>
  <datafield tag="650" ind1=" " ind2=" ">
   <subfield code="a">Telephone,Điện thoại</subfield>
  </datafield>
  <datafield tag="904" ind1=" " ind2=" ">
   <subfield code="i">Duy Bằng</subfield>
  </datafield>
  <datafield tag="980" ind1=" " ind2=" ">
   <subfield code="a">Trung tâm Học liệu Trường Đại học Cần Thơ</subfield>
  </datafield>
 </record>
</collection>
